00369nam a2200109 4500008004100000040005500041080001800096100001800114245008300132260003400215300001000249240801b |||||||| |||| 00| 0 eng d aNational Science LibrarycNational Science Library a808.2-4bK5;1 aSteinfeldt, E aRussian word count: b2500 words most commonly used in modern literary Russian aMoscow: bProgress Publishers a227p.